00674nam a2200157Ia 4500008004100000100002300041245009000064245012600154260005300280260000900333300000600342650001500348856006100363999001900424952007300443170221s9999 xx 000 0 und d aDiana I. Mamycheva aInstrumentation Organizational and Economic Support of Labor Motivation of Employees  cDiana I. Mamycheva, Aleksandr V. Melnichuk, Irina V. Taranova, Anatoly I. Chernykh, Elena Yu. Gadzhieva, Vitaly V. Ratiev bInternational Review of Management and Marketing c2012 a: xMarketing. uhttp://www.econjournals.com/index.php/irmm/issue/view/70 c314016d314016 001040aCLbCLd2017-02-21l0r2017-02-21 00:00:00w2017-02-21yFOJ